INTRODUCTION TO PHARMACEUTICS-I (Record no. 8142)

MARC details
000 -LEADER
fixed length control field 00332nam a22001577a 4500
003 - CONTROL NUMBER IDENTIFIER
control field SGT
020 ## - INTERNATIONAL STANDARD BOOK NUMBER
International Standard Book Number 01-239-0273-5
082 ## - DEWEY DECIMAL CLASSIFICATION NUMBER
Classification number 615019,I14G
100 ## - MAIN ENTRY--PERSONAL NAME
Personal name GUPTA,A.K.
245 ## - TITLE STATEMENT
Title INTRODUCTION TO PHARMACEUTICS-I
250 ## - EDITION STATEMENT
Edition statement 3RD
260 ## - PUBLICATION, DISTRIBUTION, ETC. (IMPRINT)
Place of publication, distribution, etc DELHI
Name of publisher, distributor, etc CBS
Year of Publication 2014
300 ## - PAGE DESCRIPTION
No. of Pages 313
650 ## - SUBJECT ADDED ENTRY--TOPICAL TERM
Topical term or geographic name as entry element PHARMACETICS
942 ## - ADDED ENTRY ELEMENTS (KOHA)
Source of classification or shelving scheme Dewey Decimal Classification
Koha item type Books
942 ## - ADDED ENTRY ELEMENTS (KOHA)
-- 12
Holdings
Withdrawn status Lost status Source of classification or shelving scheme Damaged status Not for loan Collection code Home library Current library Shelving location Date acquired Vendor Name Cost, normal purchase price Volume Information (Serial or Books or Non-Book Material) SGTU Bill Number Total Checkouts Full call number Accession No. (Barcode) Date last seen Date last borrowed Bill Date Koha item type Checked out
    Dewey Decimal Classification     PHARMACY SGT FA-FP Library SGT FA-FP Library Text Book 10/12/2015 AHUJA BOOK COMPANY 190.00 I SGTU 6162 7 615.19,I14G FP1526 08/04/2022 25/03/2022 06/10/2015 Books  
    Dewey Decimal Classification     PHARMACY SGT FA-FP Library SGT FA-FP Library Text Book 10/12/2015 AHUJA BOOK COMPANY 190.00 I SGTU 6162 5 615.19,I14G FP1527 20/03/2017 20/03/2017 06/10/2015 Books  
    Dewey Decimal Classification     PHARMACY SGT FA-FP Library SGT FA-FP Library Text Book 10/12/2015 AHUJA BOOK COMPANY 190.00 I SGTU 6162 10 615.19,I14G FP1528 10/02/2018 05/02/2018 06/10/2015 Books  
    Dewey Decimal Classification     PHARMACY SGT FA-FP Library SGT FA-FP Library Text Book 10/12/2015 AHUJA BOOK COMPANY 190.00 I SGTU 6162 5 615.19,I14G FP1529 29/03/2024 29/03/2024 06/10/2015 Books  
    Dewey Decimal Classification     PHARMACY SGT FA-FP Library SGT FA-FP Library Text Book 10/12/2015 AHUJA BOOK COMPANY 190.00 I SGTU 6162 10 615.19,I14G FP1530 28/03/2023 22/03/2023 06/10/2015 Books  
    Dewey Decimal Classification     PHARMACY SGT FA-FP Library SGT FA-FP Library Text Book 10/12/2015 AHUJA BOOK COMPANY 190.00 I SGTU 6162 10 615.19,I14G FP1531 11/11/2021 01/11/2021 06/10/2015 Books  
    Dewey Decimal Classification     PHARMACY SGT FA-FP Library SGT FA-FP Library Text Book 10/12/2015 AHUJA BOOK COMPANY 190.00 I SGTU 6162 4 615.19,I14G FP1532 05/03/2022 06/01/2022 06/10/2015 Books  
    Dewey Decimal Classification     PHARMACY SGT FA-FP Library SGT FA-FP Library Text Book 10/12/2015 AHUJA BOOK COMPANY 190.00 I SGTU 6162 4 615.19,I14G FP1533 09/05/2022 08/12/2021 06/10/2015 Books  
    Dewey Decimal Classification     PHARMACY SGT FA-FP Library SGT FA-FP Library Text Book 10/12/2015 AHUJA BOOK COMPANY 190.00 I SGTU 6162 8 615.19,I14G FP1534 06/03/2024 23/02/2024 06/10/2015 Books  
  Long Overdue (Lost) Dewey Decimal Classification     PHARMACY SGT FA-FP Library SGT FA-FP Library Text Book 10/12/2015 AHUJA BOOK COMPANY 190.00 I SGTU 6162 6 615.19,I14G FP1535 19/10/2019 19/10/2019 06/10/2015 Books 02/11/2019